Introduction to the calculus of variations (Record no. 186352)

MARC details
000 -LEADER
fixed length control field 00360nam a2200145Ia 4500
008 - FIXED-LENGTH DATA ELEMENTS--GENERAL INFORMATION
fixed length control field 230917s9999||||xx |||||||||||||| ||und||
040 ## - CATALOGING SOURCE
-- 13690
Original cataloging agency VIVEKANANDA LIBRARY
041 ## - Language
-- English
082 ## - DDC NUMBER
Classification number 515.64 P25I
100 ## - MAIN ENTRY--PERSONAL NAME
Personal name Pars, L A
245 #0 - TITLE STATEMENT
Title Introduction to the calculus of variations
260 ## - PUBLICATION, DISTRIBUTION, ETC. (IMPRINT)
Place of publication, distribution, etc London
Name of publisher, distributor, etc Heinemann
Date of publication, distribution, etc 1965
300 ## - PHYSICAL DESCRIPTION
Pages xi,350 p.
942 ## - ADDED ENTRY ELEMENTS (KOHA)
Koha item type Books
Holdings
Withdrawn status Lost status Damaged status Not for loan Location (home branch) Sublocation or collection (holding branch) Date acquired Koha issues (times borrowed) Koha full call number Accession No. Koha date last seen Koha item type
        VIVEKANANDA LIBRARY VIVEKANANDA LIBRARY 08/08/2002   515.64 P25I 42074 17/09/2023 Books
© Designed and Maintained by Vivekananda Library, MDU Rohtak